| 000 | 00473cam a2200181ua 4500 | ||
|---|---|---|---|
| 020 |
_a81 85623 51 1 _c95.00 |
||
| 041 |
_aeng _h |
||
| 082 |
_a005.369 _bRAJ/DB |
||
| 100 | _aRajiv, Mathur . | ||
| 245 |
_aDatabase lll plus for beginners / _cRajiv Mathur. _hTextual Documents |
||
| 250 |
_a2 / _b. |
||
| 260 |
_aNewdelhi : _bGalgolia publications pvt ltd , _c1994. |
||
| 300 | _a585 ; . | ||
| 365 | _a95.00 | ||
| 504 | _a | ||
| 942 | _cBK | ||
| 999 |
_c9564 _d9564 |
||